MARC details
| 000 -LEADER |
| fixed length control field |
01575cam a2200361 a 4500 |
| 001 - CONTROL NUMBER |
| control field |
2919464 |
| 003 - CONTROL NUMBER IDENTIFIER |
| control field |
OSt |
| 005 - DATE AND TIME OF LATEST TRANSACTION |
| control field |
20140310182229.0 |
| 008 - FIXED-LENGTH DATA ELEMENTS--GENERAL INFORMATION |
| fixed length control field |
891005t19861965mauaf 001 1 eng |
| 010 ## - LIBRARY OF CONGRESS CONTROL NUMBER |
| LC control number |
88195987 |
| 020 ## - INTERNATIONAL STANDARD BOOK NUMBER |
| International Standard Book Number |
039548930X |
| 020 ## - INTERNATIONAL STANDARD BOOK NUMBER |
| International Standard Book Number |
0345339738 (pbk.) |
| 040 ## - CATALOGING SOURCE |
| Original cataloging agency |
DLC |
| Transcribing agency |
DLC |
| Modifying agency |
DLC |
| -- |
OCoLC |
| -- |
DLC |
| 050 00 - LIBRARY OF CONGRESS CALL NUMBER |
| Classification number |
PR 6039.O32 |
| Item number |
.T649 1955 |
| 082 00 - DEWEY DECIMAL CLASSIFICATION NUMBER |
| Classification number |
FIC |
| Item number |
T55(R) 1973 |
| 100 1# - MAIN ENTRY--PERSONAL NAME |
| Personal name |
Tolkien, J. R. R. |
| Fuller form of name |
(John Ronald Reuel), |
| Dates associated with a name |
1892-1973. |
| 9 (RLIN) |
17941 |
| 245 14 - TITLE STATEMENT |
| Title |
The return of the king : |
| Remainder of title |
being the third part of The lord of the rings / |
| Statement of responsibility, etc |
by J.R.R. Tolkien. |
| 260 ## - PUBLICATION, DISTRIBUTION, ETC. (IMPRINT) |
| Place of publication, distribution, etc |
New York : |
| Name of publisher, distributor, etc |
Ballantines Books, |
| Date of publication, distribution, etc |
c1955. |
| 300 ## - PHYSICAL DESCRIPTION |
| Extent |
490 p. : |
| Dimensions |
18 cm. |
| 490 1# - SERIES STATEMENT |
| Series statement |
The Lord of the rings / J.R.R. Tolkien ; |
| Volume number/sequential designation |
pt. 3 |
| 500 ## - GENERAL NOTE |
| General note |
Includes index. |
| 650 #0 - SUBJECT ADDED ENTRY--TOPICAL TERM |
| Topical term or geographic name as entry element |
Baggins, Frodo (Fictitious character) |
| General subdivision |
Fiction. |
| 9 (RLIN) |
17942 |
| 650 #0 - SUBJECT ADDED ENTRY--TOPICAL TERM |
| Topical term or geographic name as entry element |
Middle Earth (Imaginary place) |
| General subdivision |
Fiction. |
| 9 (RLIN) |
17943 |
| 655 #7 - INDEX TERM--GENRE/FORM |
| Genre/form data or focus term |
Fantasy fiction. |
| Source of term |
gsafd |
| 9 (RLIN) |
3053 |
| 800 1# - SERIES ADDED ENTRY--PERSONAL NAME |
| Personal name |
Tolkien, J. R. R. |
| Fuller form of name |
(John Ronald Reuel), |
| Dates associated with a name |
1892-1973. |
| Title of a work |
Lord of the rings (1986) ; |
| Volume/sequential designation |
pt. 3. |
| 9 (RLIN) |
17944 |
| 856 41 - ELECTRONIC LOCATION AND ACCESS |
| Materials specified |
Sample text |
| Uniform Resource Identifier |
<a href="http://www.loc.gov/catdir/samples/hm051/88195987.html">http://www.loc.gov/catdir/samples/hm051/88195987.html</a> |
| 856 42 - ELECTRONIC LOCATION AND ACCESS |
| Materials specified |
Reading group guide |
| Uniform Resource Identifier |
<a href="http://www.houghtonmifflinbooks.com/readers_guides/lotr/king.shtml">http://www.houghtonmifflinbooks.com/readers_guides/lotr/king.shtml</a> |
| Public note |
Valid as of Nov. 21, 2002 |
| 856 42 - ELECTRONIC LOCATION AND ACCESS |
| Materials specified |
Publisher description |
| Uniform Resource Identifier |
<a href="http://www.loc.gov/catdir/description/hm021/88195987.html">http://www.loc.gov/catdir/description/hm021/88195987.html</a> |
| 856 42 - ELECTRONIC LOCATION AND ACCESS |
| Materials specified |
Contributor biographical information |
| Uniform Resource Identifier |
<a href="http://www.loc.gov/catdir/enhancements/fy0736/88195987-b.html">http://www.loc.gov/catdir/enhancements/fy0736/88195987-b.html</a> |
| 906 ## - LOCAL DATA ELEMENT F, LDF (RLIN) |
| a |
7 |
| b |
cbc |
| c |
orignew |
| d |
2 |
| e |
ncip |
| f |
19 |
| g |
y-gencatlg |
| 942 ## - ADDED ENTRY ELEMENTS (KOHA) |
| Source of classification or shelving scheme |
Library of Congress Classification |
| Koha item type |
|